Normal view
MARC view
- شطناوي ، علي خطار
Entry Personal Name
001 - CONTROL NUMBER
- control field: 21190
003 - CONTROL NUMBER IDENTIFIER
- control field: JO-AjAnu
005 - DATE AND TIME OF LATEST TRANSACTION
- control field: 20230606073656.0
008 - FIXED-LENGTH DATA ELEMENTS
- fixed length control field: 230606|| aca||aabn | a|a d
040 ## - CATALOGING SOURCE
- Original cataloging agency: JO-AjAnu
- Transcribing agency: JO-AjAnu
100 ## - HEADING--PERSONAL NAME
- Personal name: شطناوي ، علي خطار
670 ## - SOURCE DATA FOUND
- Source citation: Work cat.: (JO-AjAnu)10887: شطناوي ، علي خطار , author, الإدارة المحلية وتطبيقاتها في الأردن وفرنسا